South America Outlines - Statistics

General Stats
  • This quiz has been taken 66 times
  • The average score is 12 of 15
Answer Stats
Picture Answer % Correct
Chile
100%
Brazil
97%
Ecuador
97%
Peru
95%
Argentina
92%
Bolivia
92%
Guyana
92%
Paraguay
92%
Suriname
92%
Uruguay
92%
Venezuela
92%
Colombia
89%
Falkland Islands
57%
French Guiana
38%
South Georgia
24%
No matching quizzes found
Score Distribution
Percent of People with Each Score
Percentile by Number Answered
Your Score History
You have not taken this quiz